01011nam a2200253 a 450000100100000000500170001000800410002702000150006804000250008308200200010824500990012826000410022730000430026849000250031150400320033665000470036865100530041565100570046865100670052565100690059270000280066170000430068983000250073200002715720240408175713.0110330s2003 dr abc 000 0 spa d a9993489891 aDO-SdBNPbspacBNPHU a972.93697bV42200aLa Vega /ccoordinación general Darío Tejada ; dirección editorial Enriquillo Sánchez. aSanto Domingo :bBanreservas,c2003. a102 p. :bil., mapas, retrs. ;c26 cm.1 aFragmentos de Patria aBibliografía: p. 100-101. 4aCiudades y puebloszRepública Dominicana 0a Concepción de la Vega (Republica Dominicana ) 4aLa Vega (República Dominicana{Rpara}xBiografías 4aLa Vega (República Dominicana{Rpara}xDescripciones Y Viajes 4aLa Vega (República Dominicana{Rpara}xVida Social Y Costumbres12aTejada, Daríoecoord.12aSánchez, Enriquillo,d1947-2004eed. 0aFragmentos de Patria